000 00990nam a22003017a 4500
003 CHAP
005 20220329135704.0
008 971013s1975 r 00010 d
010 _a40614
011 _a41586
035 _a45712
040 _cCHAP
090 _aTesis
100 0 0 _aFlores González, Servando Eustolio.
_941568
245 _aExportaciones a Estados Unidos de ganado vacuno; un enfoque econométrico para el período 1955-1970
260 _aMonterrey, N.L. :
_bEl autor,
_c1975
300 _a80 h.
502 _aTesis (Lic. en Economía) -- UANL. Fac. de Economía
590 _aALEPH
_b10
_c20130110
_lUCH01
_h1309
590 _aBATCH-UPD
_b10
_c20130110
_lUCH01
_h2323
590 _aBATCH-UPD
_b10
_c20130410
_lUCH01
_h1614
590 _aBATCH-UPD
_b10
_c20130914
_lUCH01
_h1529
590 _aCONVERSION
_b10
_c20130109
_lUCH01
_h1322
650 1 4 _aGanado vacuno
_xMercadeo
_xMéxico.
_945484
901 _aBK
942 _cTESIS
949 _bBC
_cTES
_d-104352
_eTS1
_i45712
_si
999 _c40614
_d40614